000 00472nam a2200157 i 4500
001 72054
003 ES-MaACL
005 20230906171318.0
007 t|
008 040825s1970 sp ||||1| spa d
100 1 _aGil Muñoz, Carlos.
_956850
245 1 0 _aJuventud margina
_b: estudio sobre los hippies a su paso por Formentera /
_cCarlos Gil Muñoz.
260 _a[Barcelona] :
_bDopesa,
_c[1970]
300 _a201 p. ;
_c19 cm.
852 _aES-MaACL
_jC-47097
_bR.74132
999 _c72054
_d72054